000 01310nam0a2200361 4500
001 RU\NLR\bibl\1505566
005 20260407063514.0
010 _a978-5-373-01048-1
010 _a978-5-224-05256-1
_91000
021 _aRU
_b2010-21807
_91472
035 _a(nilc)RSL-KNO-004621218
035 _a(NLR Aleph) 001496989
090 _a1787260
_c1787260
100 _a20100330d2010 |||y0rusy50 ca
101 1 _arus
_ceng
102 _aRU
105 _ay zzzz|||||
200 1 _aТайна египетской гробницы
_e[для среднего школьного возраста
_f[Алан Фревин Джонс
_gпер. с англ. Максимовой В. А.]
210 _aМосква
_cОЛМА Медиа Групп
_d2010
215 _a314, [2] с.
_cил.
_d21
225 1 _aТалисман
300 _aАвт. указан перед вып. дан.
610 0 _aДетская литература
686 _aШ9(2)72(4Вл)
_2rubbk
686 _aШ9(4Вл)62-4
700 1 _4070
_8rus
_7ca
_aДжонс
_bА. Ф.
_f1954-
_gАллан Фруин
_3RU\NLR\auth\7713521
_9123209
801 0 _aRU
_bРГБ
_c20100330
_gRCR
801 1 _aRU
_bРГБ
_c20100330
801 2 _aRU
_bNLR
_c20100428
_grcr
942 _cBOOK
980 _aNB